|
|
|
|
| LEADER |
00000cam a2200000 7i4500 |
| 001 |
0000038240 |
| 005 |
20000609.0 |
| 020 |
|
|
|a 9835023581
|
| 090 |
0 |
0 |
|a 959.509
|b MOH
|
| 100 |
0 |
|
|a Haji Mohd Misan Mastor
|
| 245 |
1 |
0 |
|a Fokus jingga SPM sejarah Malaysia
|c Haji Mohd Misan Mastor
|
| 260 |
|
|
|a Bangi :
|b Penerbitan Pelangi Sdn.Bhd. ,
|c 1999
|
| 300 |
|
|
|a 350p. ;
|c 29cm.
|
| 650 |
0 |
0 |
|a History
|x SPM
|
| 999 |
|
|
|a 091076
|b BUKU
|c PINJAMAN
|e PERPUSTAKAAN KOMUNITI PETALING JAYA
|
| 999 |
|
|
|a 091077
|b BUKU
|c PINJAMAN
|e PERPUSTAKAAN KOMUNITI PETALING JAYA
|
| 999 |
|
|
|a 091078
|b BUKU
|c PINJAMAN
|e PERPUSTAKAAN KOMUNITI PETALING JAYA
|
| 999 |
|
|
|a 091079
|b BUKU
|c PINJAMAN
|e PERPUSTAKAAN KOMUNITI PETALING JAYA
|
| 999 |
|
|
|a 091080
|b BUKU
|c PINJAMAN
|e PERPUSTAKAAN KOMUNITI PETALING JAYA
|
| 999 |
|
|
|a 091081
|b BUKU
|c PINJAMAN
|e PERPUSTAKAAN KOMUNITI PETALING JAYA
|